Yaravíes, cáchuas, láuchas, tonos y bailes quiteños y peruanos / (Record no. 69106)

MARC details
000 -LEADER
campo de control de longitud fija 01049nam a2200229 i 4500
001 - NÚMERO DE CONTROL
campo de control 69106
003 - IDENTIFICADOR DE NÚMERO DE CONTROL
campo de control ES-MaACL
005 - FECHA Y HORA DE LA ÚLTIMA TRANSACCIÓN
campo de control 20250827051622.0
007 - CAMPO FIJO DE DESCRIPCIÓN FÍSICA--INFORMACIÓN GENERAL
campo de control de longitud fija t|
008 - DATOS DE LONGITUD FIJA--INFORMACIÓN GENERAL
campo de control de longitud fija 040910s1884 sp ||||1| spa d
245 00 - MENCIÓN DEL TÍTULO
Título Yaravíes, cáchuas, láuchas, tonos y bailes quiteños y peruanos /
Mención de responsabilidad, etc. coleccionados y presentados al Congreso de Americanistas de Madrid por Marcos Jiménez de la Espada en 1881.
260 ## - PUBLICACIÓN, DISTRIBUCIÓN, ETC.
Lugar de publicación, distribución, etc. Madrid :
Nombre del editor, distribuidor, etc. [s.n.],
Fecha de publicación, distribución, etc. 1884 (
Fabricante Fortanet)
300 ## - DESCRIPCIÓN FÍSICA
Extensión LXXXII p., 1 h. ;
Dimensiones 21 cm.
500 ## - NOTA GENERAL
Nota general La cubierta hace de portada.
500 ## - NOTA GENERAL
Nota general Contiene la música y la letra.
650 #4 - PUNTO DE ACCESO ADICIONAL DE MATERIA--TÉRMINO DE MATERIA
Término de materia o nombre geográfico como elemento de entrada Música popular-
Subdivisión geográfica Perú.
9 (RLIN) 151192
650 #4 - PUNTO DE ACCESO ADICIONAL DE MATERIA--TÉRMINO DE MATERIA
Término de materia o nombre geográfico como elemento de entrada Música popular-
Subdivisión geográfica Ecuador.
9 (RLIN) 151193
700 1# - ENTRADA AGREGADA--NOMBRE PERSONAL
Nombre de persona Jiménez de la Espada, Marcos,
Fechas asociadas al nombre 1831-1898
9 (RLIN) 222553
711 2# - ENTRADA AGREGADA--NOMBRE DE REUNIÓN
Nombre de congreso/reunión o jurisdicción como elemento de entrada Congreso Internacional de Americanistas
Número del congreso/reunión o número de parte o sección (4º.
Fecha del congreso o de la firma del tratado 1881.
Sede del congreso/Lugar de la reunión Madrid)
9 (RLIN) 148029
852 ## - LOCALIZACIÓN
Ubicación ES-MaACL
Número de control de estantería T-429-F-18
condición física . - Ejemplar falto de portada
Nota libre .- Enc. hol. falto de la cub. original
-- .- Dedicatoria manuscrita de José Inzengal al Ateneo de Madrid
Holdings
Estatus retirado Estado de pérdida Estado de daño No para préstamo Colección Biblioteca de origen Biblioteca actual Ubicación en estantería Fecha de adquisición Fuente de adquisición Total de préstamos Signatura topográfica completa Código de barras Visto por última vez Precio de reemplazo Tipo de ítem Koha
        Colección de folletos Biblioteca del Ateneo de Madrid Biblioteca del Ateneo de Madrid Depósito folletos 17/01/2008     T-429-F-18 1072365 23/02/2023 23/02/2023 Folleto